000 02323nam0a2200469 i 4500
001 RU\NLR\bibl\1999903
005 20241114191450.0
010 _a9785912991172
_9200
021 _aRU
_b2013-4853
_9344
035 _a(nilc)LIBNET\0000240815
035 _a(NLR Aleph) 001988209
090 _a4187356
_c4187356
100 _a20120521d2011 k y0rusy50 ca
101 0 _arus
_deng
_erus
_eeng
102 _aRU
105 _aa z |||||
200 1 _aПолитическое влияние России в Украине (1991-2011 гг.)
_drussian political influence in Ukraine (1991-2011)
_fВ.И. Мироненко
_zeng
210 _aМосква
_cИнститут Европы РАН
_cРусский сувенир
_d2011
215 _a193 с.
_cтабл.
_d21
225 1 _aДоклады Института Европы
_fУчреждение Рос. акад. наук, Ин-т Европы РАН
_vN 273
300 _aЗагл. обл.: Российское влияние на Украине в 1991-2010 гг.
300 _aАвт. также на англ. яз.: V.I. Mironenko
300 _aРез. на англ. яз.
320 _aБиблиогр.: с.151-153 и в подстроч. примеч.
320 _aБиблиогр.: с. 151-153
510 1 _6z01790
_aRussian political influence in Ukraine (1991-2011)
_zeng
512 1 _6z02702
_aРоссийское влияние на Украине в 1991-2010 гг.
607 _aУкраина
_xВзаимоотношения
_yРоссийская Федерация
_92233485
_3RU\NLR\auth\661340501
607 _aРоссийская Федерация
_xВзаимоотношения
_yУкраина
_92233486
_3RU\NLR\auth\661340502
686 _aТ3(2)74-64(2(Ук)
_vLBC/SL
_2rubbk
686 _aТ3(2Ук)74-64(2)
_vLBC/SL
_2rubbk
686 _aТ3(2)74-64(2Ук)
686 _aТ3(2Ук)74-64(2)
700 1 _aМироненко
_bВ. И.
_gВиктор Иванович
_4070
702 1 _6z02512
_aМироненко
_bВ. И.
_gВиктор Иванович
790 1 _6z01510
_aMironenko
_bV. I.
_gVictor Ivanovič
_4070
801 0 _aRU
_bГПИБ России
_c20120521
_grcr
801 1 _aRU
_bГПИБ России
_c20120521
_grcr
_2rusmarc
801 2 _aRU
_bNLR
_c20130213
_grcr
942 _cBOOK
980 _aNBR